Resumen de los trabajos realizados por la Comisión de experiencias, proyectos y comprobación del material de guerra, durante el año de 1912. (Record no. 126734)

MARC details
000 -LEADER
campo de control de longitud fija 00629nam a2200181 4500
001 - NÚMERO DE CONTROL
campo de control 126734
003 - IDENTIFICADOR DE NÚMERO DE CONTROL
campo de control ES-MaACL
005 - FECHA Y HORA DE LA ÚLTIMA TRANSACCIÓN
campo de control 20230906192853.0
007 - CAMPO FIJO DE DESCRIPCIÓN FÍSICA--INFORMACIÓN GENERAL
campo de control de longitud fija t|
008 - DATOS DE LONGITUD FIJA--INFORMACIÓN GENERAL
campo de control de longitud fija 070214s1913 sp r ||||1| spa d
245 00 - MENCIÓN DEL TÍTULO
Título Resumen de los trabajos realizados por la Comisión de experiencias, proyectos y comprobación del material de guerra, durante el año de 1912.
260 ## - PUBLICACIÓN, DISTRIBUCIÓN, ETC.
Lugar de publicación, distribución, etc. Madrid :
Nombre del editor, distribuidor, etc. Eduardo Trías,
Fecha de publicación, distribución, etc. 1913.
300 ## - DESCRIPCIÓN FÍSICA
Extensión 252 p. ;
Dimensiones 24 cm.
490 1# - MENCIÓN DE SERIE
Mención de serie Publicaciones del `Memorial de Artillería`
830 0# - PUNTO DE ACCESO ADICIONAL DE SERIE-TÍTULO UNIFORME
Título uniforme Publicaciones del `Memorial de Artillería`
9 (RLIN) 181853
852 ## - LOCALIZACIÓN
Ubicación ES-MaACL
Número de control de estantería G-9376
Holdings
Estatus retirado Estado de pérdida Estado de daño No para préstamo Biblioteca de origen Biblioteca actual Ubicación en estantería Fecha de adquisición Fuente de adquisición Total de préstamos Signatura topográfica completa Código de barras Visto por última vez Precio de reemplazo Tipo de ítem Koha
        Biblioteca del Ateneo de Madrid Biblioteca del Ateneo de Madrid Sala Pecera Planta 3 17/01/2008     G-9376 1132005 23/02/2023 23/02/2023 Libro impreso